Marcas 2 - Statistics

Estatísticas Gerais
  • Esse quiz foi jogado 189 vezes
  • A pontuação média é 12 de 13
Estatísticas das Respostas
Hint Resposta % Correto
Playboy Estados Unidos
100%
New Balance Estados Unidos
100%
Coca-Cola Estados Unidos
100%
BMW Alemanha
96%
Opel Alemanha
96%
Porsche Alemanha
96%
Fanta Alemanha
96%
Ferrari Itália
96%
Lacoste França
93%
Nissan Japão
92%
Berska Espanha
75%
Kit Kat Reino Unido
73%
Rolex Reino Unido
73%
Nenhum quiz correspondente encontrado
Distribuição das Pontuações
Porcentagem de Pessoas com Cada Pontuação
Percentil de Números Respondidos
Sua Pontuação Histórica
Você não jogou esse quiz